000 00793nam a22002537a 4500
001 42896
003 UA-OsUOA
005 20201020160355.0
007 ta
008 20061127b un ||||| |||| 00| 0 ukr d
020 _a9663700041
040 _aUA-OsUOA
_bukr
_cUA-OsUOA
_dUA-OsUOA
041 _aukr
080 _a329
090 _a329
_bХ46
100 _aХімченко О. Г.
245 _aПолітичні партії і виборчий процес в умовах розбудови демократичного суспільства
_bнавч. посіб.
260 _aК.
_bПрофесіонал
_c2006
300 _a208 с.
650 7 _a32 Політика
_2UDC
942 _cBK
_2udc
955 _a2
999 _c328975
_d328975